| 000 | 00489nam a2200169Ia 4500 | ||
|---|---|---|---|
| 999 |
_c22322 _d22322 |
||
| 003 | OSt | ||
| 005 | 20200319145102.0 | ||
| 008 | 190216s9999||||xx |||||||||||||| ||und|| | ||
| 040 | _coclc | ||
| 082 |
_a297 _bFAI/U |
||
| 100 |
_a Faizee, Kakkad Muhamed _92096 |
||
| 245 | 0 |
_aUmmusalama / _cKakkad Muhamed Faizee |
|
| 260 |
_bPoomkavanam Books Publishers, _c1992. _aCalicut: |
||
| 300 | _a57p | ||
| 650 | _aIslamic History | ||
| 942 |
_cBK _2ddc _h297 _iFAI/U _k297 _mFAI/U |
||